000 00470nam a2200169Ia 4500
003 LK-CoDNM
008 010623t1914 xxu||||| |||| 00| 1 sin d
040 _aLK-CoDNM
_dLK-CoDNM
_eLK-CoDNM
041 _asin
080 _a104 D.7
100 _aDhammaratana Thero,B
_eed.
245 _aපුරාණ පරිවාර ගණඨීපදය
246 _aPuraana Parivaara Ganthipada
260 _bJ.D.P.Pereraa
_aColombo
_c1914
300 _b48p., 21 cm
942 _cBK
999 _c88200
_d88200